| 000 | 01024nam1a2200265 i 4500 | ||
|---|---|---|---|
| 001 | RU\NLR\bibl\26828 | ||
| 005 | 20260406191101.0 | ||
| 035 | _a(NLR Aleph) 000026146 | ||
| 090 |
_a126583 _c126583 |
||
| 100 | _a19990513g19999999u y0rusy50 ca | ||
| 101 | 0 | _arus | |
| 102 | _aRU | ||
| 105 | _a||||||||||||| | ||
| 200 | 1 |
_aРегламент радиосвязи Российской Федерации _fГос. комис. по радиочастотам при Госкомсвязи Рос. Федерации |
|
| 210 |
_aМ. _cРадио и связь _d1999 |
||
| 215 | _d29 | ||
| 463 | 0 | _100125922 | |
| 606 | 0 |
_aРадиосвязь _xРегламент _92086066 _3RU\NLR\auth\661262193 |
|
| 686 | _aЗ884.1я81 | ||
| 712 | 0 | 1 |
_4570 _aРоссийская Федерация _bГосударственная комиссия по радиочастотам _3RU\NLR\AUTH\889953141 _9402298 |
| 801 | 0 |
_aRU _bNLR _c19990513 _gPSBO |
|
| 801 | 1 |
_aRU _bNLR _c19990513 |
|
| 852 |
_aNLR _j99-8/408 |
||
| 942 | _cBOOK | ||